Pokémon - Les attaques de Miaouss d'Alola - Statistiques

Statistiques générales
  • Ce quiz a été pris 10 fois
  • Le résultat moyen est 11 sur 13
Statistiques - réponses
Niveaux Types Noms des attaques % Correct
Niveau 44 Fée Câlinerie
100%
Niveau 29 Normal Combo-Griffe
100%
Niveau 8 Normal Griffe
100%
Niveau 12 Normal Jackpot
100%
Niveau 40 Ténèbres Machination
100%
Niveau 16 Ténèbres Morsure
100%
Départ Normal Rugissement
100%
Niveau 24 Ténèbres Assurance
86%
Départ Normal Bluff
86%
Niveau 20 Ténèbres Provoc
86%
Niveau 32 Normal Grincement
57%
Niveau 4 Normal Ruse
57%
Niveau 36 Ténèbres Tranche-Nuit
57%
Aucun quiz correspondant
Distribution des résultats
% des personnes avec chaque résultat
Percentile par nombre de réponses
Votre historique - résultats
Vous n’avez pas pris ce quiz